La rebelión de las masas
Saved in:
| 主要作者: | |
|---|---|
| 格式: | 圖書 |
| 出版: |
Madrid, España:
Ediciones de la Revista de Occidente, Alianza Editorial,
1986.
|
| 版: | Sexta edición. |
| 叢編: | Obras de José Ortega y Gasset.
|
| 主題: | |
| 標簽: |
添加標簽
沒有標簽, 成為第一個標記此記錄!
|
MARC
| LEADER | 00000nam a22000007a 4500 | ||
|---|---|---|---|
| 003 | CL-VaPUC | ||
| 005 | 20221118175705.0 | ||
| 008 | 220707t1986 ||||| |||| 00| 0 eng d | ||
| 999 | |c 436791 |d 436789 | ||
| 020 | |a 84-206-4101-4 | ||
| 040 | |c Pontificia Universidad Católica de Valparaíso | ||
| 082 | 0 | 4 | |a 196.1 ORT 1986 |2 21 |
| 100 | |a Ortega y Gasset, José |e autor |9 878566 | ||
| 245 | 1 | 3 | |a La rebelión de las masas |
| 250 | |a Sexta edición. | ||
| 260 | |a Madrid, España: |b Ediciones de la Revista de Occidente, |b Alianza Editorial, |c 1986. | ||
| 300 | |a 294 páginas. | ||
| 490 | |a Obras de José Ortega y Gasset. | ||
| 500 | |a c.1- Donación Familia Prof. Alejandro Guzmán Brito. | ||
| 583 | |a last modification |c 20150402 11:08:00 |k Cristina María Rojas Aguilar | ||
| 650 | 0 | |a Filosofía española |9 254895 | |
| 650 | 0 | |a Filósofos españoles |9 321894 | |
| 942 | |c BK |2 ddc |n 0 | ||
| 952 | |0 0 |1 0 |2 ddc |4 0 |6 196_100000000000000_ORT_1986 |7 0 |8 C_AGB |9 584518 |a BIBDER |b BIBDER |d 2022-07-07 |e Donación |i 5652584 |o 196.1 ORT 1986 |p 5652584 |r 2023-01-25 |t 1 |w 2022-07-07 |y BK_US |k AGB | ||